000 00602nam a2200217Ii 4500
001 18402
003 CO-ViMGA
008 241108s9999||||xx |||||||||||||| ||und||
020 _a9789875040274
040 _aCO-ViMGA
_bspa
_erda
_cCO-ViMGA
041 0 _aspa
084 _aT FAL5c
100 1 _aMaría Inés Falconi
_950185
245 1 0 _aCaídos del mapa
264 1 _aBuenos Aires, Argentina : Quipu, 2010
300 _avolumen
336 _atext
_btxt
_2rdacontent
337 _aunmediated
_bn
_2rdamedia
338 _avolume
_bnc
_2rdacarrier
940 _aidficha_siabuc: 18065. -- ficha_no_siabuc:18402
999 _c44867
_d44867